000 00422pab a2200145 454500
008 180718b1988 xxu||||| |||| 00| 0 eng d
100 _aMeyer, Richard L
245 _aFinancial services for small and micro enterprises
_bA need for policy changes and innovation
260 _c1988
300 _a363-73
650 _aFarmers - Bangladesh
700 _aGeetha Nagarajan
773 _aSavings and Development
909 _a8218
999 _c8218
_d8218